1028 1687 1920 1902 1157 1757 1335 1342 1565 1697 1477 1614 1634 1687 1786 1516 1766 1628 1077 1137 1240 1178 1552 1726 1655 1616 1839 1270 1435 1411 1701 1034 1129 1152 1191 1441 1183 1007 1140 1853 1155 1929 1698 1466 1157 1354 1805 1324 1050 1141 1766 1674 1203 1684 1414 1139 1004 1564 1267 1835 1908 1282 1577 1647 1083 1869 1372 1799 1223 1919 1019 1208 1126 1725 1802 1818 1748 1422 1706 1952 1859 1639 1363 1806 1920 1225 1784 1963 1204 1304 1247 1716 1221 1320 1207 1718 1093 1296 1794 BCNSPRNW ULIB Ver.6.0+V

เปลี่ยนเป็นภาษาไทย

Change to English
 แสดงรายละเอียดบรรณานุกรม
  กลับหน้าหลัก

Brief Record : Get Marc (ISO 2709) : E-mail record : QR code < ปิดหน้าต่าง
LEADER : 00000nam 2200000uu 4500
001    13399126972
003     ULIB
008    190920s2562||||th 000 0 tha d
020 ^- ^a9786168221112
060  0 ^aWS350.5^bก55จ
100 1^ ^aกอสวามี, อูชา ซี.
245 10 ^aจิตวิทยาเด็ก :ความรู้ฉบับพกพา /^cUsha Goswami ; สุภลัคน์ ลวดลาย, วรัญญู กองชัยมงคล แปล.
250 ^- ^aพิมพ์ครั้งแรก.
260 ^- ^aกรุงเทพฯ :^bบุ๊คสเคป,^c2562
300 ^- ^a230 หน้า.
500 ^- ^aแปลจาก: Child psychology : a very short introduction. 2014.
650 ^4 ^aจิตวิทยาเด็ก.
700 0^ ^aสุภลัคน์ ลวดลาย,วรัญญู กองชัยมงคล.
740 0^ ^aChild psychology : a very short introductio
945    ^p285^l0^i006085
945    ^p285^l0^i006083
945    ^p285^l0^i006019
945    ^p285^l0^i006086
945    ^p285^l0^i006084
999    ^aประนอม เกษจรัล
รายการนี้ยังไม่มีแท็ก
คุณยังไม่ได้ล็อกอิน คุณสามารถมีกิจกรรมร่วมกับเว็บไซต์ได้ แต่ต้องล็อกอินก่อน ::
  ล็อกอิน

รายการสื่อสารสนเทศ

ลำดับที่ ประเภท เลขเรียก/บาร์โค้ด สถานที่ สถานะ
1. วิทยาศาสตร์การแพทย์ และสุขภาพ
หนังสือสำรอง
สถานะ=หนังสือสำรอง
WS350.5 ก55จ ฉ.1 
  Barcode: 006019
ห้องสมุดวิทยาเขตสวรรค์ประชารักษ์
►หนังสือทั่วไป
บนชั้น
2. วิทยาศาสตร์การแพทย์ และสุขภาพ
วิทยาศาสตร์การแพทย์ และสุขภาพ
WS350.5 ก55จ ฉ.2 
  Barcode: 006083
ห้องสมุดวิทยาเขตสวรรค์ประชารักษ์
►หนังสือทั่วไป
บนชั้น
3. วิทยาศาสตร์การแพทย์ และสุขภาพ
วิทยาศาสตร์การแพทย์ และสุขภาพ
WS350.5 ก55จ ฉ.3 
  Barcode: 006084
ห้องสมุดวิทยาเขตสวรรค์ประชารักษ์
►หนังสือทั่วไป
บนชั้น
4. วิทยาศาสตร์การแพทย์ และสุขภาพ
วิทยาศาสตร์การแพทย์ และสุขภาพ
WS350.5 ก55จ ฉ.4 
  Barcode: 006085
ห้องสมุดวิทยาเขตสวรรค์ประชารักษ์
►หนังสือทั่วไป
บนชั้น
5. วิทยาศาสตร์การแพทย์ และสุขภาพ
วิทยาศาสตร์การแพทย์ และสุขภาพ
WS350.5 ก55จ ฉ.5 
  Barcode: 006086
ห้องสมุดวิทยาเขตสวรรค์ประชารักษ์
►หนังสือทั่วไป
บนชั้น

รายการใกล้เคียง
    ผู้แต่ง [กอสวามี, อูชา ซี.]

    หัวเรื่อง [จิตวิทยาเด็ก.]

BibComment


ยังไม่เคยถูกคอมเมนท์

คอมเมนท์ทรัพยากรรายการนี้
  คอมเมนท์: จิตวิทยาเด็ก ควา..


 Copyright 2026. Bcnsprnw @Library